000 01220nam a2200277Ia 4500
999 _c55305
_d55305
001 22382
003 GE_BSU
005 20230310164258.0
008 181216s2008||||ge |||||||||||||| ||geo||
020 _a978-9941-13-071-7
040 _cGE_BSU
041 _ageo
080 _a355/359(479.22)(09) შ-24
100 _aშარაშენიძე, ჯემალ
_915334
245 _aქართული სამხედრო ხელოვნება /
_cჯემალ შარაშენიძე ; რედ. თედო დუნდუა.
264 _aთბილისი :
_bთბილ. უნ-ტის გამ-ბა,
_c2008.
300 _a108 გვ. :
_bილ. ;
_c25 სმ.
500 _aსაძიებლები გვ. : 102-106
504 _aბიბლიოგრაფია გვ. : 96-101
541 _h49ლ. 50თ.
653 _aსამხედრო საქმის ისტორია საქართველოში
653 _aქართული სამხედრო ხელოვნება
700 _aდუნდუა, თედო
_eრედაქტორი
_93483
710 _aთსუ
_917172
942 _cBK
_2udc